| 000 | 00391 a2200133 4500 | ||
|---|---|---|---|
| 001 | 87742 | ||
| 082 | _aPR 119 | ||
| 090 |
_c41201 _d41201 |
||
| 100 | _aZain Ul Arif, Plt Off 14978 | ||
| 245 | _aStudy and implementation of MIL-STD-1553 avionics data bus on FPGA | ||
| 260 |
_aRisalpur _bNUST Risalpur _c2010 |
||
| 300 |
_a57p. _eShafqat Ul Mulk, Asst Professor |
||
| 500 | _aBE Project Reports | ||
| 942 |
_aCAE NUST _kPR 119 |
||
| 999 |
_c322815 _d322815 |
||